[Event "Izmailov Memorial op 13th"]
[Site "Tomsk"]
[Date "2009.07.02"]
[Round "9"]
[White "Petrukhina, Irina"]
[Black "Kartashov, Dmitry"]
[Result "0-1"]
[WhiteElo "2059"]
[BlackElo "2243"]
[PlyCount "74"]
[EventDate "2009.06.24"]
[EventType "swiss"]
[EventRounds "9"]
[EventCountry "RUS"]
[SourceTitle "EXT 2010"]
[Source "ChessBase"]
[SourceDate "2010.11.25"]
[SourceVersion "1"]
[SourceVersionDate "2010.11.25"]
[SourceQuality "1"]

1. d4 d5 2. c4 e6 3. Nc3 Nf6 4. Bg5 Be7 5. Nf3 0-0 6. e3 h6 7. Bh4 b6 8. cxd5 Nxd5 9. Bxe7 Qxe7 10. Nxd5 exd5 11. Be2 Be6 12. 0-0 Nd7 13. Rc1 c5 14. Bb5 Rfc8 15. Qe2 Bg4 16. h3 Bxf3 17. Qxf3 Nf6 18. Ba6 Rd8 19. Bd3 c4 20. Bb1 Rac8 21. Qf5 Rc6 22. Rfe1 Re6 23. Qf4 b5 24. a3 a5 25. Bf5 Red6 26. e4 dxe4 27. Bxe4 Rxd4 28. f3 Qc5 29. Kh1 Nh5 30. Qh4 Nf6 31. Qf2 Qd6 32. Re2 Nh5 33. Ree1 Rd2 34. Qe3 Qg3 35. Re2 Rd1+ 36. Re1 Nf4 37. Qxf4 Rxe1+ 0-1

[Event "Izmailov Memorial op 13th"]
[Site "Tomsk"]
[Date "2009.06.25"]
[Round "2"]
[White "Loskutov, Oleg"]
[Black "Kartashov, Dmitry"]
[Result "1/2-1/2"]
[WhiteElo "2463"]
[BlackElo "2243"]
[PlyCount "120"]
[EventDate "2009.06.24"]
[EventType "swiss"]
[EventRounds "9"]
[EventCountry "RUS"]
[SourceTitle "EXT 2010"]
[Source "ChessBase"]
[SourceDate "2010.11.25"]
[SourceVersion "1"]
[SourceVersionDate "2010.11.25"]
[SourceQuality "1"]

1. e4 c5 2. Nf3 e6 3. d4 cxd4 4. Nxd4 a6 5. Nc3 Qc7 6. Bd3 b5 7. 0-0 Bb7 8. Be3 Nc6 9. Kh1 Nf6 10. Qe2 Nxd4 11. Bxd4 e5 12. Nd5 Nxd5 13. exd5 d6 14. f4 f6 15. c4 bxc4 16. Bxc4 Be7 17. Bc3 Bc8 18. Rad1 exf4 19. Bd3 0-0 20. Rxf4 f5 21. Ra4 Rf7 22. Bxa6 Bd7 23. Ra3 Bf8 24. Ba5 Qa7 25. Bd3 Re7 26. Qf1 Qb7 27. Rb3 Qa7 28. Bb6 Qxa2 29. Rb4 Ra4 30. Bc4 Rxb4 31. Bxa2 Rxb6 32. Qf2 Rb4 33. Bb1 g6 34. Qd2 Rb3 35. Ba2 Rbe3 36. Bc4 Bg7 37. Rf1 R3e4 38. b3 Re3 39. Qb4 Be5 40. g3 f4 41. gxf4 Bd4 42. f5 Bxf5 43. Rxf5 gxf5 44. Qxd6 Re1+ 45. Kg2 Rg1+ 46. Kf3 Re3+ 47. Kf4 Be5+ 48. Qxe5 Rxe5 49. Kxe5 Kf8 50. Kxf5 Rh1 51. Ke6 Ke8 52. Kd6 Kd8 53. b4 Rxh2 54. b5 Rb2 55. Kc5 h5 56. b6 h4 57. d6 h3 58. Bd5 Rc2+ 59. Kb4 Rb2+ 60. Kc5 Rc2+ 1/2-1/2

[Event "Izmailov Memorial op 13th"]
[Site "Tomsk"]
[Date "2009.06.24"]
[Round "1"]
[White "Kartashov, Dmitry"]
[Black "Neporozhnyaja, Tatyana"]
[Result "1-0"]
[WhiteElo "2243"]
[BlackElo "1887"]
[PlyCount "61"]
[EventDate "2009.06.24"]
[EventType "swiss"]
[EventRounds "9"]
[EventCountry "RUS"]
[SourceTitle "EXT 2010"]
[Source "ChessBase"]
[SourceDate "2010.11.25"]
[SourceVersion "1"]
[SourceVersionDate "2010.11.25"]
[SourceQuality "1"]

1. d4 d5 2. c4 c6 3. Nc3 g6 4. Nf3 Bg7 5. cxd5 cxd5 6. Bf4 Nf6 7. e3 a6 8. Bd3 0-0 9. 0-0 Nc6 10. Ne5 e6 11. Nxc6 bxc6 12. Be5 Nd7 13. Bxg7 Kxg7 14. Na4 Qe7 15. Rc1 Bb7 16. f4 f6 17. Qg4 e5 18. Bf5 Rad8 19. Bxd7 Rxd7 20. fxe5 Bc8 21. Nb6 f5 22. Qe2 Rc7 23. Nxc8 Rfxc8 24. Qxa6 Qd8 25. a3 Ra8 26. Qd3 Qb8 27. Rc2 Rb7 28. Rxc6 Rxb2 29. Qc3 Rb3 30. Rc7+ Kg8 31. Qc6 1-0

[Event "Tomsk-ch"]
[Site "Tomsk"]
[Date "2008.12.??"]
[Round "1"]
[White "Kartashov, Dmitry"]
[Black "Adarov, Arzhan"]
[Result "1/2-1/2"]
[WhiteElo "2221"]
[BlackElo "2220"]
[PlyCount "120"]
[EventDate "2008.12.15"]
[EventType "tourn"]
[EventRounds "9"]
[EventCountry "RUS"]
[SourceTitle "EXT 2022"]
[Source "ChessBase"]
[SourceDate "2021.10.06"]
[SourceVersion "1"]
[SourceVersionDate "2021.10.06"]
[SourceQuality "1"]

1. d4 Nf6 2. c4 e6 3. Nc3 d5 4. Bg5 Nbd7 5. e3 c6 6. Nf3 Be7 7. Qc2 0-0 8. Rd1 Re8 9. Bd3 dxc4 10. Bxc4 Nd5 11. Bxe7 Qxe7 12. 0-0 Nxc3 13. Qxc3 Nf6 14. a3 Rd8 15. b4 Bd7 16. Ne5 Be8 17. f4 Nd5 18. Qd2 a5 19. Bxd5 Rxd5 20. Nd3 f6 21. Qc3 Rb5 22. e4 Bg6 23. Rfe1 h6 24. Qc4 axb4 25. axb4 Ra4 26. Qb3 Ra8 27. Nc5 Bf7 28. e5 f5 29. Qc4 Rd8 30. Rb1 b6 31. Na4 Rbd5 32. Qxc6 Be8 33. Qc2 Bxa4 34. Qxa4 Rxd4 35. Qc6 Qd7 36. Qxd7 R8xd7 37. g3 Rd2 38. Rf1 Kf7 39. Rf2 g5 40. Rxd2 Rxd2 41. fxg5 hxg5 42. Rc1 Re2 43. Rc6 Rxe5 44. Rxb6 Re2 45. Rb8 Kf6 46. h3 Rb2 47. Rf8+ Ke5 48. Rg8 Rxb4 49. Rxg5 Ke4 50. h4 e5 51. Kg2 f4 52. gxf4 exf4 53. Ra5 Rb2+ 54. Kf1 Kf3 55. Ra3+ Kg4 56. Rc3 Kxh4 57. Ra3 Kg4 58. Rc3 Rh2 59. Rb3 Rh3 60. Rxh3 Kxh3 1/2-1/2

[Event "Tomsk-ch"]
[Site "Tomsk"]
[Date "2008.12.??"]
[Round "2"]
[White "Kartashov, Dmitry"]
[Black "Dmitrienko, Andrey"]
[Result "1-0"]
[WhiteElo "2221"]
[BlackElo "2288"]
[PlyCount "127"]
[EventDate "2008.12.15"]
[EventType "tourn"]
[EventRounds "9"]
[EventCountry "RUS"]
[SourceTitle "EXT 2022"]
[Source "ChessBase"]
[SourceDate "2021.10.06"]
[SourceVersion "1"]
[SourceVersionDate "2021.10.06"]
[SourceQuality "1"]

1. d4 Nf6 2. c4 g6 3. Nc3 Bg7 4. e4 0-0 5. Be3 d6 6. f3 e5 7. d5 Nh5 8. Qd2 f5 9. 0-0-0 a5 10. Bd3 Na6 11. Nge2 Nc5 12. Bc2 Nf6 13. Bg5 f4 14. Bxf6 Bxf6 15. Kb1 Rf7 16. Na4 b6 17. Nxc5 dxc5 18. Ba4 Bb7 19. Nc3 Qf8 20. Qc2 Rd8 21. Qb3 Kg7 22. Bc6 Ba6 23. Qa4 Be7 24. Bd7 Bd6 25. Be6 Rf6 26. Qb3 Rb8 27. a4 Re8 28. Ne2 Re7 29. Rdf1 c6 30. Nc3 Rfxe6 31. dxe6 Bc7 32. Rd1 Bc8 33. Qc2 Bxe6 34. b3 Qf6 35. Kb2 Bc8 36. Qf2 Rf7 37. Rd3 Kf8 38. Rhd1 Ke8 39. Ne2 Kf8 40. g4 fxg3 41. Qxg3 Be6 42. h4 b5 43. Kc3 Kg7 44. Qg5 b4+ 45. Kd2 Kf8 46. Qxf6 Rxf6 47. Ke3 Ke7 48. R3d2 Rf8 49. h5 gxh5 50. Rh1 Rf7 51. Rxh5 Rg7 52. Rd1 Bd8 53. Rxe5 Bc7 54. Rh5 Bf7 55. Rh3 h5 56. Rg1 Rh7 57. f4 Be6 58. Rh4 Bd8 59. f5 Ke8 60. Rh3 Bf7 61. e5 h4 62. Nf4 Bc7 63. e6 Bh5 64. Rxh4 1-0

[Event "Tomsk-ch"]
[Site "Tomsk"]
[Date "2008.12.??"]
[Round "9"]
[White "Puraev, Artemiy"]
[Black "Kartashov, Dmitry"]
[Result "0-1"]
[WhiteElo "2033"]
[BlackElo "2221"]
[PlyCount "90"]
[EventDate "2008.12.15"]
[EventType "tourn"]
[EventRounds "9"]
[EventCountry "RUS"]
[SourceTitle "EXT 2022"]
[Source "ChessBase"]
[SourceDate "2021.10.06"]
[SourceVersion "1"]
[SourceVersionDate "2021.10.06"]
[SourceQuality "1"]

1. d4 d5 2. Nf3 e6 3. e3 c5 4. c3 Nc6 5. Bd3 Nf6 6. 0-0 Be7 7. Nbd2 0-0 8. Qe2 a6 9. dxc5 Bxc5 10. e4 dxe4 11. Nxe4 Nxe4 12. Qxe4 g6 13. Bh6 Re8 14. Rad1 Qe7 15. Ne5 Nxe5 16. Qxe5 f6 17. Qg3 Bd7 18. Bxg6 hxg6 19. Qxg6+ Kh8 20. Rd3 Rg8 21. Qh5 Qh7 22. Rh3 e5 23. Rh4 Bg4 24. Rxg4 Rxg4 25. Qxg4 Qxh6 26. Qc4 Rc8 27. Qe6 Rd8 28. g3 Kg7 29. b4 Bf8 30. Re1 Qg6 31. Qb6 Rd7 32. h4 Kf7 33. b5 Qd3 34. bxa6 Qxc3 35. a7 Qxe1+ 36. Kh2 Rd2 37. Qxb7+ Be7 38. Qd5+ Kg7 39. a8Q Qxf2+ 40. Kh3 Qh2+ 41. Kg4 Qf2 42. Kh3 Qf5+ 43. g4 Qf1+ 44. Kg3 Qf2+ 45. Kh3 Qh2# 0-1

[Event "Tomsk-ch"]
[Site "Tomsk"]
[Date "2008.12.??"]
[Round "3"]
[White "Tilicheev, Viacheslav"]
[Black "Kartashov, Dmitry"]
[Result "1-0"]
[WhiteElo "2234"]
[BlackElo "2221"]
[PlyCount "97"]
[EventDate "2008.12.15"]
[EventType "tourn"]
[EventRounds "9"]
[EventCountry "RUS"]
[SourceTitle "EXT 2022"]
[Source "ChessBase"]
[SourceDate "2021.10.06"]
[SourceVersion "1"]
[SourceVersionDate "2021.10.06"]
[SourceQuality "1"]

1. d4 d5 2. c4 e6 3. Nc3 c5 4. cxd5 exd5 5. Nf3 Nc6 6. Bf4 Nf6 7. e3 Bg4 8. Be2 Be7 9. dxc5 Bxc5 10. 0-0 0-0 11. Bg5 Be6 12. Rc1 Be7 13. Nd4 Qd7 14. Bb5 Rac8 15. Na4 h6 16. Bxf6 Bxf6 17. Nc5 Qe7 18. Bxc6 bxc6 19. Qa4 Qd6 20. b3 Rfe8 21. Ncxe6 fxe6 22. Nxc6 Bb2 23. Rc2 Qa3 24. Qb5 Kh7 25. Qd3+ Kh8 26. Nxa7 Rxc2 27. Qxc2 Ra8 28. Nb5 Qxa2 29. Qg6 Qxb3 30. Qxe6 Qxb5 31. g3 Re8 32. Qf5 Qb3 33. Rb1 Qa2 34. Rd1 Rd8 35. Qd3 d4 36. exd4 Qd5 37. Re1 Qa5 38. Re7 Qa1+ 39. Kg2 Qa8+ 40. Qe4 Qa4 41. Qe5 Qc6+ 42. Kh3 Qc8+ 43. Kh4 Rg8 44. d5 Qc4+ 45. f4 Qc2 46. h3 Qg6 47. d6 Rd8 48. d7 Kh7 49. g4 1-0

[Event "Tomsk Izmailov Memorial op-D 12th"]
[Site "Tomsk"]
[Date "2008.07.09"]
[Round "6"]
[White "Kartashov, Dmitry"]
[Black "Gankin, Stanislav"]
[Result "1/2-1/2"]
[WhiteElo "2252"]
[BlackElo "2269"]
[PlyCount "24"]
[EventDate "2008.07.04"]
[EventType "swiss"]
[EventRounds "9"]
[EventCountry "RUS"]
[SourceTitle "EXT 2022"]
[Source "ChessBase"]
[SourceDate "2021.10.06"]
[SourceVersion "1"]
[SourceVersionDate "2021.10.06"]
[SourceQuality "1"]

1. d4 Nf6 2. c4 e6 3. Nc3 d5 4. Bg5 Be7 5. e3 h6 6. Bh4 b6 7. cxd5 Nxd5 8. Bxe7 Qxe7 9. Bb5+ Bd7 10. Bd3 c5 11. Nf3 Nc6 12. 0-0 0-0 1/2-1/2

[Event "Tomsk Izmailov Memorial op-D 12th"]
[Site "Tomsk"]
[Date "2008.07.08"]
[Round "5"]
[White "Kusluvan, Yekaterina"]
[Black "Kartashov, Dmitry"]
[Result "0-1"]
[WhiteElo "1887"]
[BlackElo "2252"]
[PlyCount "62"]
[EventDate "2008.07.04"]
[EventType "swiss"]
[EventRounds "9"]
[EventCountry "RUS"]
[SourceTitle "EXT 2022"]
[Source "ChessBase"]
[SourceDate "2021.10.06"]
[SourceVersion "1"]
[SourceVersionDate "2021.10.06"]
[SourceQuality "1"]

1. e4 c5 2. Nf3 e6 3. c3 b6 4. d4 Bb7 5. Bd3 d6 6. 0-0 Nd7 7. Bf4 Ngf6 8. Re1 Be7 9. Nbd2 0-0 10. Nf1 a6 11. Rc1 Re8 12. Bb1 c4 13. Ng3 Nf8 14. e5 Nd5 15. Qd2 Ng6 16. Bg5 Bxg5 17. Nxg5 Ndf4 18. N3e4 dxe5 19. g3 Bxe4 20. Nxe4 Nd5 21. Qe2 exd4 22. cxd4 b5 23. h4 Nf8 24. Qf3 h6 25. Red1 Rc8 26. Nc5 Nd7 27. Be4 Nxc5 28. dxc5 Rxc5 29. b4 Rc7 30. Bxd5 exd5 31. Qxd5 Re1+ 0-1

[Event "Izmailov Memorial op 12th"]
[Site "Tomsk"]
[Date "2008.06.28"]
[Round "5"]
[White "Kartashov, Dmitry"]
[Black "Ufimtsev, Vladimir"]
[Result "1-0"]
[WhiteElo "2252"]
[BlackElo "2069"]
[PlyCount "127"]
[EventDate "2008.06.25"]
[EventType "swiss"]
[EventRounds "9"]
[EventCountry "RUS"]
[SourceTitle "CBM 125 Extra"]
[Source "ChessBase"]
[SourceDate "2008.09.01"]
[SourceVersion "1"]
[SourceVersionDate "2008.09.01"]
[SourceQuality "1"]

1. d4 Nf6 2. c4 e5 3. dxe5 Ne4 4. Nd2 Bb4 5. Ngf3 b6 6. a3 Nxd2 7. Bxd2 Bxd2+ 8. Qxd2 Nc6 9. e3 Qe7 10. Be2 Bb7 11. 0-0-0 0-0-0 12. Qc3 Rhe8 13. Rd5 Na5 14. Rd4 Nc6 15. Rg4 g6 16. Rh4 h5 17. Rf4 Rf8 18. Rg1 Rde8 19. Bd3 Nd8 20. g4 hxg4 21. Rgxg4 Rh8 22. Be4 Bxe4 23. Rxe4 Ne6 24. Rh4 Qd8 25. Reg4 Rxh4 26. Rxh4 Rh8 27. Rg4 Rh5 28. h4 Qe7 29. Kc2 Rf5 30. Rg3 Kb8 31. Kd1 Qc5 32. Ke2 Rh5 33. Rg4 Qc6 34. Nd4 Qh1 35. Nxe6 dxe6 36. Qd4 Qb1 37. Rf4 Rf5 38. Rxf5 Qxf5 39. b4 Qc2+ 40. Kf3 Qb3 41. c5 bxc5 42. bxc5 Qb7+ 43. Qe4 c6 44. Qd4 Qb1 45. Qb4+ Qxb4 46. axb4 Kb7 47. Kf4 Ka6 48. Kg5 Kb5 49. Kf6 Kxb4 50. Kxf7 a5 51. Kxe6 a4 52. Kd6 a3 53. e6 a2 54. e7 a1Q 55. e8Q Qf6+ 56. Qe6 Qxf2 57. Kxc6 Qxh4 58. Qe5 g5 59. Kb6 g4 60. Qd4+ Kb3 61. c6 Qh6 62. Kb7 Qh1 63. e4 Qf1 64. c7 1-0

[Event "Tomsk City-ch"]
[Site "Tomsk"]
[Date "2007.12.16"]
[Round "10"]
[White "Kartashov, Dmitry"]
[Black "Safronov, Yuri"]
[Result "1-0"]
[WhiteElo "2259"]
[BlackElo "2092"]
[PlyCount "107"]
[EventDate "2007.12.01"]
[EventType "tourn"]
[EventRounds "14"]
[EventCountry "RUS"]
[SourceTitle "CBM 122 Extra"]
[Source "ChessBase"]
[SourceDate "2008.03.04"]
[SourceVersion "1"]
[SourceVersionDate "2008.03.04"]
[SourceQuality "1"]

1. d4 d5 2. c4 c6 3. Nc3 Nf6 4. Bg5 e6 5. e3 Nbd7 6. Nf3 Qa5 7. Nd2 a6 8. a3 b5 9. b4 Qc7 10. cxb5 cxb5 11. Rc1 Qb8 12. Nb3 Nb6 13. Na5 Bd7 14. Bxf6 gxf6 15. g3 Bd6 16. Bg2 f5 17. 0-0 h5 18. h4 Ra7 19. Ne2 Nc4 20. Nxc4 bxc4 21. Rb1 Ke7 22. Nc3 Qe8 23. a4 Rb7 24. b5 axb5 25. axb5 Kf6 26. Qd2 Rg8 27. Rb2 Ba3 28. Ra2 Qf8 29. Rb1 Qd6 30. e4 fxe4 31. Bxe4 Ke7 32. Bf3 f6 33. Qe3 Kd8 34. Nxd5 exd5 35. Qxa3 Qxa3 36. Rxa3 Be6 37. Re1 Bf7 38. Bxh5 Rg7 39. Bf3 Kd7 40. Ra6 Bg8 41. Rxf6 Rxb5 42. h5 Rb2 43. h6 Rg5 44. Bd1 Ra2 45. h7 Bxh7 46. Rf7+ Kd6 47. Rxh7 c3 48. Rh6+ Kd7 49. Bb3 Ra3 50. Bc2 Ra2 51. Re2 Rb2 52. Ba4+ Kd8 53. Re8+ Kc7 54. Re7+ 1-0

[Event "Tomsk City-ch"]
[Site "Tomsk"]
[Date "2007.12.15"]
[Round "9"]
[White "Pakhomov, Egor"]
[Black "Kartashov, Dmitry"]
[Result "1-0"]
[WhiteElo "2091"]
[BlackElo "2259"]
[PlyCount "69"]
[EventDate "2007.12.01"]
[EventType "tourn"]
[EventRounds "14"]
[EventCountry "RUS"]
[SourceTitle "CBM 122 Extra"]
[Source "ChessBase"]
[SourceDate "2008.03.04"]
[SourceVersion "1"]
[SourceVersionDate "2008.03.04"]
[SourceQuality "1"]

1. d4 d5 2. c4 e6 3. Nf3 Nf6 4. Nc3 c5 5. cxd5 exd5 6. g3 Nc6 7. Bg2 Be7 8. 0-0 0-0 9. b3 Bf5 10. Bb2 Rc8 11. Rc1 b6 12. e3 Ne4 13. Qe2 Re8 14. Rfd1 cxd4 15. Nxd4 Nxd4 16. Rxd4 Rxc3 17. Rxc3 Bf6 18. Rc1 Bxd4 19. Bxd4 Qd7 20. Qb2 f6 21. h4 Rc8 22. Rxc8+ Qxc8 23. Kh2 Qc6 24. Qe2 Nc5 25. Qd2 Be4 26. Bxc5 Bxg2 27. Bxb6 Bf3 28. Bd4 Qa6 29. Kg1 Qe6 30. Kh2 Qe4 31. Qc1 Qe6 32. Qc7 a6 33. b4 Qe8 34. Qd6 Qb5 35. Qe6+ 1-0

[Event "Tomsk City-ch"]
[Site "Tomsk"]
[Date "2007.12.02"]
[Round "2"]
[White "Kartashov, Dmitry"]
[Black "Pakhomov, Egor"]
[Result "0-1"]
[WhiteElo "2259"]
[BlackElo "2091"]
[PlyCount "73"]
[EventDate "2007.12.01"]
[EventType "tourn"]
[EventRounds "14"]
[EventCountry "RUS"]
[SourceTitle "CBM 122 Extra"]
[Source "ChessBase"]
[SourceDate "2008.03.04"]
[SourceVersion "1"]
[SourceVersionDate "2008.03.04"]
[SourceQuality "1"]

1. d4 Nf6 2. c4 g6 3. Nc3 Bg7 4. e4 d6 5. f3 0-0 6. Bd3 b6 7. Be3 Bb7 8. Nge2 c5 9. d5 e6 10. 0-0 exd5 11. cxd5 Re8 12. Qd2 Nbd7 13. Ng3 Nxd5 14. Nxd5 Bxd5 15. Bb5 Be6 16. f4 a6 17. Bc6 Ra7 18. f5 Bc4 19. Rf2 Rc7 20. Bg5 Qc8 21. Bxd7 Rxd7 22. f6 Bf8 23. b3 Bb5 24. Rd1 Bc6 25. Re2 Re5 26. Qf4 Qe8 27. Rde1 Qe6 28. Qh4 h6 29. Bd2 Kh7 30. Bc3 Rg5 31. h3 c4 32. b4 a5 33. a3 axb4 34. axb4 Rb5 35. Rd1 Ra7 36. e5 d5 37. Re3 0-1

[Event "Izmailov Memorial op 10th"]
[Site "Tomsk"]
[Date "2006.07.18"]
[Round "7"]
[White "Korobkin, Maxim"]
[Black "Kartashov, Dmitry"]
[Result "1-0"]
[WhiteElo "2305"]
[BlackElo "2184"]
[PlyCount "39"]
[EventDate "2006.07.12"]
[EventType "swiss"]
[EventRounds "9"]
[EventCountry "RUS"]
[SourceTitle "EXT 2008"]
[Source "ChessBase"]
[SourceDate "2007.11.25"]
[SourceVersion "1"]
[SourceVersionDate "2007.11.25"]
[SourceQuality "1"]

1. Nf3 d5 2. g3 c5 3. c4 e6 4. Bg2 Nc6 5. 0-0 Nf6 6. cxd5 exd5 7. d4 Be7 8. Nc3 0-0 9. Bf4 Bf5 10. Re1 Re8 11. dxc5 Bxc5 12. Nb5 Qb6 13. Nc7 Ng4 14. e3 d4 15. Nxa8 Rxa8 16. h3 Nf6 17. exd4 Nxd4 18. Bc7 Qxc7 19. Nxd4 Rd8 20. b4 1-0

[Event "Tomsk rating op"]
[Site "Tomsk"]
[Date "2006.??.??"]
[Round "?"]
[White "Karpov, Viktor"]
[Black "Kartashov, Dmitry"]
[Result "0-1"]
[WhiteElo "2215"]
[BlackElo "2180"]
[PlyCount "66"]
[EventDate "2006.06.??"]
[EventType "swiss"]
[EventRounds "9"]
[EventCountry "RUS"]
[SourceTitle "EXT 2008"]
[Source "ChessBase"]
[SourceDate "2007.11.25"]
[SourceVersion "1"]
[SourceVersionDate "2007.11.25"]
[SourceQuality "1"]

1. e4 c5 2. Nf3 e6 3. d4 cxd4 4. Nxd4 a6 5. Bd3 Nf6 6. Nc3 Qc7 7. 0-0 Nc6 8. Nxc6 bxc6 9. Qe2 d5 10. Bg5 Be7 11. exd5 cxd5 12. Bxf6 gxf6 13. Rfe1 h5 14. Kh1 Bb7 15. Qe3 h4 16. h3 Qc6 17. Bf1 e5 18. Qf3 0-0-0 19. Qf5+ Kb8 20. Rad1 Rhg8 21. f3 Bb4 22. a3 Ba5 23. b4 Bc7 24. Rd3 Rg5 25. Qh7 e4 26. fxe4 Qd6 27. g3 Rxg3 28. e5 d4+ 29. Kh2 Qc6 30. Ne4 Bxe5 31. Rxg3 Qxc2+ 32. Re2 Bxg3+ 33. Kg1 Bxe4 0-1

[Event "Sibiria Region-ch"]
[Site "Novosibirsk"]
[Date "2003.??.??"]
[Round "7"]
[White "Kartashov, Dmitry"]
[Black "Neizvestnykh, Vitalij"]
[Result "0-1"]
[WhiteElo "2069"]
[BlackElo "2205"]
[PlyCount "113"]
[EventDate "2003.05.??"]
[EventType "swiss"]
[EventRounds "9"]
[EventCountry "RUS"]
[SourceTitle "EXT 2008"]
[Source "ChessBase"]
[SourceDate "2007.11.25"]
[SourceVersion "1"]
[SourceVersionDate "2007.11.25"]
[SourceQuality "1"]

1. d4 d5 2. c4 e6 3. Nc3 Nf6 4. Bg5 Be7 5. e3 b6 6. cxd5 exd5 7. Bd3 0-0 8. Nf3 h6 9. Bh4 Be6 10. 0-0 c5 11. Rc1 Nbd7 12. Re1 Rc8 13. Ba6 Ra8 14. Bg3 Ne4 15. Bb7 Rb8 16. Bxb8 Nxc3 17. Rxc3 Qxb8 18. Bc6 Nf6 19. Rc1 Rc8 20. Ba4 c4 21. Bc2 Bb4 22. Rf1 Bg4 23. h3 Bh5 24. Bf5 Rd8 25. a3 Bd6 26. Re1 b5 27. g4 Bg6 28. Bxg6 fxg6 29. Kg2 Qc8 30. Ne5 Qe6 31. f3 Kh7 32. Ra1 a5 33. Re2 Bxe5 34. dxe5 Qxe5 35. Ra2 d4 36. e4 d3 37. Rd2 a4 38. Ra1 Nd7 39. Rf2 g5 40. Qd2 Nc5 41. Qc3 Qd6 42. Rd1 Ne6 43. Qd2 Nf4+ 44. Kh1 Nxh3 45. Rh2 Nf4 46. Re1 Qe5 47. Qc3 Qc5 48. e5 Qd5 49. Re3 Re8 50. Qd2 Ne6 51. Re4 Nc5 52. Qxg5 Nxe4 53. Qf5+ g6 54. fxe4 gxf5 55. exd5 Rxe5 56. Rd2 fxg4 57. Kg2 0-1